000 00929cam a2200157 4500500
005 20260322001918.0
041 _afre
042 _adc
100 1 0 _aCormont, Olivier
_eauthor
245 0 0 _aThis page does not exist! Dystopian fiction about the future of information professionals in social work
260 _c2026.
500 _a97
520 _aThis speculative fiction explores the evolution of the information specialist profession within a context of extreme rationalization of social work. Through the daily life of a professional immersed in an automated knowledge management system, the text examines the potential pitfalls of standardized and dehumanized documentation, as well as the tensions between conformity, memory, and mediation.
786 0 _nSociographe | 93 | 1 | 2026-02-27 | p. 15-19 | 1297-6628
856 4 1 _uhttps://shs.cairn.info/journal-sociographe-2026-1-page-15?lang=en&redirect-ssocas=7080
999 _c1718898
_d1718898